00616nam a2200217Ia 45000010006000000050017000060070003000230080041000260200018000670400025000850410008001100820018001181000022001362450084001582500013002422600057002553000028003126530018003406530020003587000020003784528020240114003705.0ta090309s1996 a g b000 u 465 u a81-85137-22-6 aCotton College,Assam a465 a560bDa 19 In aDanino , Michel . 0aThe invasion that Never Was /cMichel Danino & Sujata Nahar.hTextual Documents a1st ed / aDelhi :bThe Mother`s Institute of Research ,c1996. a127p. :bill ;c19 cm . aPalaeontology aG-Palaeontology aNahar, Sujata .